<?xml version="1.0" encoding="UTF-8"?>
<collection xmlns="http://www.loc.gov/MARC21/slim">
  <record>
    <leader>00000nam  2200000   4500</leader>
    <controlfield tag="001">INLIS000000000016055</controlfield>
    <controlfield tag="005">20231023112015</controlfield>
    <datafield tag="035" ind1="#" ind2="#">
      <subfield code="a">0010-1023000137</subfield>
    </datafield>
    <controlfield tag="007">ta</controlfield>
    <controlfield tag="008">231023################g##########0#eng##</controlfield>
    <datafield tag="020" ind1="#" ind2="#">
      <subfield code="a">0 19 437065 8</subfield>
    </datafield>
    <datafield tag="082" ind1="#" ind2="#">
      <subfield code="a">407</subfield>
    </datafield>
    <datafield tag="084" ind1="#" ind2="#">
      <subfield code="a">407 STE f</subfield>
    </datafield>
    <datafield tag="100" ind1=" " ind2="#">
      <subfield code="a">Stern, H. H.</subfield>
    </datafield>
    <datafield tag="245" ind1="1" ind2="#">
      <subfield code="a">Fundamental Concepts of Language Teaching /</subfield>
      <subfield code="c">H. H. Stern</subfield>
    </datafield>
    <datafield tag="260" ind1="#" ind2="#">
      <subfield code="b">Oxford University Press,</subfield>
      <subfield code="c">1983</subfield>
    </datafield>
    <datafield tag="300" ind1="#" ind2="#">
      <subfield code="a">582 halaman :</subfield>
      <subfield code="b">ilus ;</subfield>
      <subfield code="c">23.5 cm</subfield>
    </datafield>
    <datafield tag="650" ind1="#" ind2="4">
      <subfield code="a">Pendidikan Bahasa, Riset Bahasa dan Topik Terkait tentang Bahasa</subfield>
    </datafield>
    <datafield tag="520" ind1="#" ind2="#">
      <subfield code="a">It might as well be admitted right at the outset: this is a book about theory of language teaching. This 'confession' may immediately put off some readers who have no truck with 'ivory tower' theoreticians, and who may therefore feel disinclined to read any further. But taking a chance on it, I hope that, in the chapters that follow, those who have this deep antipathy to anything 'theoretical' can be convinced that 'good teaching practice is based on good theoretical understanding. There is indeed nothing so practical as a good theory' .</subfield>
    </datafield>
    <datafield tag="990" ind1="#" ind2="#">
      <subfield code="a">22142</subfield>
    </datafield>
  </record>
</collection>
